[Slovenské kázne]

Sedem slovenských kázní na pôstne nedele, Kvetnú nedeľu a Veľký piatok prednesené v Jakubove a v Plaveckom Podhradí

Bibliographic Details
Format: Manuscript Book
Language:Slovak
PhysicalDescription:54 nečíslovaných strán rukopis 23 cm
Published: [Dokument vznikol na Slovensku] 1845-1851
Subjects:

MARC

LEADER 00000ctmaa2200000 a 4500
001 vtls011760919
003 SK-MaSNL
005 20260301223047.0
008 230802i1845 xo || 000ns slo
035 |a urn:nbn:sk:snk-tm00elk5 
035 |a urn:nbn:sk:snk-tm3n3lk 
035 |a 048C6600-4A0F-4369-93D5-49E5E94B3F3A 
040 |a SNKLA  |b slo  |c SNKLA  |e AACR2 
041 0 |a slo 
044 |a xo  |c SK 
072 7 |a 27-78  |x Kresťanské združenia, spolky a organizácie. Rehoľné rády  |2 konspekt 
080 |a 27-475.5  |2 2011 
080 |a 025.171  |2 2011 
080 |a 2-562/-567  |2 2011 
245 0 0 |a [Slovenské kázne] 
260 |a [Dokument vznikol na Slovensku]  |c 1845-1851 
300 |a 54 nečíslovaných strán  |b rukopis  |c 23 cm 
520 2 |a Sedem slovenských kázní na pôstne nedele, Kvetnú nedeľu a Veľký piatok prednesené v Jakubove a v Plaveckom Podhradí 
555 0 |a Inventár rukopisov Archívu literatúry a umenia Matice slovenskej. Rukopisy historických knižníc na Slovensku II. Martin : Matica slovenská 1995 
650 0 7 |a náboženské sviatky  |2 SNKPH  |9 84026 
651 7 |a Jakubov (Slovensko)  |2 SNKPHgeo  |9 163809 
651 7 |a Plavecké Podhradie (Slovensko)  |2 SNKPHgeo  |9 163812 
655 7 |a kázne  |2 SNKPH  |9 70516 
655 7 |a rukopisy  |2 SNKPH  |9 70548 
852 |a Slovenská národná knižnica  |b Literárny archív 
958 |a ZH 
958 |a LAVD 
999 |c 942003  |d 943933 
952 |a SNKLA  |b SNKLA  |c SNKLA_DEP  |y NEVYP  |7 0  |p 17A1228082  |o snkRHKS 2436  |0 0  |1 0  |4 0  |d 2018-06-07  |f 1  |l 0  |r 2026-02-24 09:22:25  |w 2026-02-24